000 00302nam a2200109Ia 4500
008 191206s9999 xx 000 0 und d
090 _aML350855
245 3 _aAn Outline of American history
260 _aU. S. Information Agency
260 _cc1965]
300 _a"246 p. illus., maps. ports. 21 x 27 cm."
999 _c15456
_d15456